书目信息 |
| 题名: |
吉他弹唱流行金曲
|
|
| 作者: | 邵春良 编著 | |
| 分册: | ||
| 出版信息: | 北京 蓝天出版社 1999.06 |
|
| 页数: | 156页 | |
| 开本: | 16开 | |
| 丛书名: | ||
| 单 册: | ||
| 中图分类: | J647.32 | |
| 科图分类: | ||
| 主题词: | 音乐--作品--中国 | |
| 电子资源: | ||
| ISBN: | 7-80081-924-8 | |
| 000 | 00567nam0 2200193 45 | |
| 001 | 0010280889 | |
| 005 | 20001028084146.4 | |
| 010 | @a7-80081-924-8@d15.80元 | |
| 100 | @a20001028d1999 km y0chiy0120 ea | |
| 101 | 0 | @achi |
| 105 | @a z 000yy | |
| 200 | 1 | @a吉他弹唱流行金曲@AJi Ta Dan Chang Liu Xing Jin Qu@f邵春良编著@FShao Chun Liang Bian Zhu |
| 210 | @a北京@c蓝天出版社@d1999.06 | |
| 215 | @a156页@d16开 | |
| 606 | 0 | @a音乐@x作品@x中国 |
| 690 | @aJ647.32@v3 | |
| 701 | 0 | @a邵春良@4编著 |
| 801 | @aCN@bPftUser@c20001028 | |
| 905 | @b193575-579@dJ647.32@eSH445@f5 | |
| 吉他弹唱流行金曲/邵春良编著.-北京:蓝天出版社,1999.06 |
| 156页;16开 |
| ISBN 7-80081-924-8:15.80元 |
| ● |
| 相关链接 |
|
|
|
正题名:吉他弹唱流行金曲
索取号:J647.32/SH445
 
预约/预借
| 序号 | 登录号 | 条形码 | 馆藏地/架位号 | 状态 | 备注 |
| 1 | 193575 | 201935754 | 社科库309/ [索取号:J647.32/SH445] | 在馆 | |
| 2 | 193576 | 201935763 | 社科库309/309社科库 94排1列2层/ [索取号:J647.32/SH445] | 在馆 | |
| 3 | 193577 | 201935772 | 自科二线404/309社科库 96排3列2层/ [索取号:J647.32/SH445] | 在馆 | |
| 4 | 193578 | 201935781 | 社科库309/ [索取号:J647.32/SH445] | 在馆 | |
| 5 | 193579 | 201935790 | 社科库309/309社科库 94排1列2层/ [索取号:J647.32/SH445] | 在馆 |